000 00255nam a2200097Ia 4500
001 647660
005 20250826153707.0
008 250824s9999 xx 000 0 und d
245 0 _aSİYAH LALE ANTİK
_cALEXANDRE DUMAS
260 _bANTİK DÜNYA KLASİKLERİ
999 _c647660
_d647660